000 00944nam0a22002651 4500
001 rc\3040583
005 20260407071434.0
035 _a(NLR Aleph) 007180880
090 _a7440143
_c7440143
100 _a20111005d1944 u y0rusy50 ca
101 0 _arus
102 _aRU
105 _aa j |||||
200 1 _aЗоология
_eУчебник для 6-го и 7-го классов неполной сред. и сред. школы
_eУтв. НКП РСФСР
205 _a9-е изд.
210 _aМосква
_cУчпедгиз
_d1944
_eЛенинград
215 _a240 с.
_cил.
_d22 см
700 1 _7ca
_8rus
_aЦузмер
_bМ. Я.
_f1884-1947
_gМоисей Яковлевич
_3RU\NLR\AUTH\770278618
_92650585
801 0 _aRU
_bNLR
_gpsbo
801 1 _aRU
_bELAR
_2rusmarc
852 _aNLR
_jЗ02 Г-5/5
942 _cBOOK
945 _aРоссийская национальная библиотека
980 _aNB
980 _aBV